Ekonometrická analýza vývoje spotřeby v hospodářství ČR
Aplikácia ekonometrických modelov spotreby analyzujúcich úroveň a zmeny dopytu po tovare a službách na štatistických dátach ČSFR za jednotlivé mesiace r.1991-1992 (agregátne makromodely). Model vývoja agregovanej osobnej spotreby. Výpočty uskutočnené systémom SORITEC, resp. jeho demonštračnou verzio...
Salvato in:
| Autore principale: | |
|---|---|
| Natura: | Capitolo di libro |
| Lingua: | ceco |
| Soggetti: | |
| Tags: |
Nessun Tag, puoi essere il primo ad aggiungerne!!
|
MARC
| LEADER | 00000naa a2200000 4500 | ||
|---|---|---|---|
| 001 | r024001 | ||
| 005 | 20220927142506.1 | ||
| 041 | 0 | |a cze | |
| 044 | |a CZ | ||
| 245 | 1 | 0 | |a Ekonometrická analýza vývoje spotřeby v hospodářství ČR |c V. Kořenář |
| 520 | |a Aplikácia ekonometrických modelov spotreby analyzujúcich úroveň a zmeny dopytu po tovare a službách na štatistických dátach ČSFR za jednotlivé mesiace r.1991-1992 (agregátne makromodely). Model vývoja agregovanej osobnej spotreby. Výpočty uskutočnené systémom SORITEC, resp. jeho demonštračnou verziou SAMPLER. | ||
| 610 | 2 | 0 | |a modely spotreby |
| 610 | 2 | 0 | |a dopyt |
| 610 | 2 | 0 | |a modely ekonometrické |
| 610 | 2 | 0 | |a spotreba |
| 610 | 2 | 0 | |a Česko |
| 610 | 2 | 0 | |a spotreba osobná |
| 610 | 2 | 0 | |a ČSFR |
| 610 | 2 | 0 | |a 1991-1992 |
| 610 | 2 | 0 | |a SORITEC SAMPLER |
| 100 | 1 | |a Kořenář, V. | |